Fr. Conceicao Rodrigues College of Engineering

Instruction Manual S1/V 51 (Record no. 26450)

MARC details
000 -LEADER
fixed length control field 00300nam a2200145Ia 4500
082 ## - DEWEY DECIMAL CLASSIFICATION NUMBER
Classification number 5.43
Item number PAN
100 ## - MAIN ENTRY--PERSONAL NAME
Personal name Anshuman Kit
245 ## - TITLE STATEMENT
Title Instruction Manual S1/V 51
260 ## - PUBLICATION, DISTRIBUTION, ETC.
Name of publisher, distributor, etc. XEROX
546 ## - LANGUAGE NOTE
Language note ENGLISH
650 ## - SUBJECT ADDED ENTRY--TOPICAL TERM
Topical term or geographic name entry element Automobiles
654 ## - SUBJECT ADDED ENTRY--FACETED TOPICAL TERMS
Focus term Instruction manual
942 ## - ADDED ENTRY ELEMENTS (KOHA)
Koha item type BOOK
Holdings
Withdrawn status Lost status Damaged status Not for loan Collection Home library Current library Date acquired Total Checkouts Full call number Barcode Date last seen Price effective from Koha item type
        CRC Fr. Agnel's C.Rodrigues College of Engineering Fr. Agnel's C.Rodrigues College of Engineering 17/03/2023   5.43 PAN 6656 17/03/2023 17/03/2023 BOOK
        CRC Fr. Agnel's C.Rodrigues College of Engineering Fr. Agnel's C.Rodrigues College of Engineering 17/03/2023   5.43 PAN 6657 17/03/2023 17/03/2023 BOOK